Napäťovo-deformačná analýza kompozitného monokoku formula Student
Salvato in:
| Autore principale: | |
|---|---|
| Altri autori: | |
| Natura: | Manoscritto Libro |
| Lingua: | slovacco |
| Pubblicazione: |
2025
|
| Soggetti: | |
| Accesso online: | http://is.stuba.sk/zp/portal_zp.pl?podrobnosti=177303 |
| Tags: |
Nessun Tag, puoi essere il primo ad aggiungerne!!
|
MARC
| LEADER | 00000ntm a22000003a 4500 | ||
|---|---|---|---|
| 001 | stuzp106130 | ||
| 003 | SK-STU | ||
| 005 | 20250621210643.8 | ||
| 007 | ta | ||
| 008 | 150427s2015----xo-----f-mn---000-0-slo-d | ||
| 040 | |a STU |b slo | ||
| 041 | 0 | |a slo | |
| 100 | 1 | |a Jevčáková, Katarína |u 020010 |4 aut |U SjF Strojnícka fakulta |T SjF Ústav aplikovanej mechaniky a mechatroniky |X 103969 |U J0010 |Y 801 |7 103969 | |
| 242 | 0 | 1 | |a Stress-strain analysis of composite monocoqe formula Student |y eng |
| 245 | 1 | 0 | |a Napäťovo-deformačná analýza kompozitného monokoku formula Student |
| 260 | |c 2025 | ||
| 650 | 4 | |a kompozitný monokok |2 slo | |
| 650 | 4 | |a uhlíkové vlákna |2 slo | |
| 650 | 4 | |a Formula Student |2 slo | |
| 650 | 4 | |a MKP simulácia |2 slo | |
| 650 | 4 | |a vrstvenie kompozitu |2 slo | |
| 650 | 4 | |a carbon fibers |2 eng | |
| 650 | 4 | |a Formula Student |2 eng | |
| 650 | 4 | |a composite monocoque |2 eng | |
| 650 | 4 | |a FEM simulation |2 eng | |
| 650 | 4 | |a composite layup |2 eng | |
| 700 | 1 | |a Jančo, Roland |u 020010 |k Z1 |4 ths |U SjF Strojnícka fakulta |T SjF Ústav aplikovanej mechaniky a mechatroniky |X 2227 |U J0010 |Y 801 |7 A000002227 | |
| 856 | 4 | |u http://is.stuba.sk/zp/portal_zp.pl?podrobnosti=177303 | |